000
00330nam a2200133Ia 4500
008
231129s9999||||xx |||||||||||||| ||spa||
020
_a
84-7291-767-3
040
_b
spa
082
_a
941.02 C286h
100
_a
Carlyle Thomas
245
0
_a
Los heroes
264
_a
Sarpe
942
_2
ddc
_c
BKS
999
_c
19722
_d
19722